| 000 | 00569nam a22001937a 4500 | ||
|---|---|---|---|
| 999 |
_c14268 _d14268 |
||
| 003 | MIRAKIL | ||
| 005 | 20201203113808.0 | ||
| 008 | 201203b tu ||||| |||| 00| 0 tur d | ||
| 040 |
_aTR-AnCHP _btur _cTR-AnCHP |
||
| 041 | _atur | ||
| 082 |
_aATA 811 _bA52a 1984 |
||
| 100 | _aAndaç, Türkan | ||
| 245 |
_aAtatürk için şiirler/ _cTürkan Andaç. |
||
| 260 |
_aİstanbul: _bÖrgün Yayınları, _c1984. |
||
| 300 |
_a367 s.: _c20 sm. |
||
| 600 |
_aAtatürk, Mustafa Kemal _d1881-1938 _xŞiirler |
||
| 650 |
_aTürk edebiyatı _xŞiirler _yAntoloji |
||
| 942 |
_2ddc _cBKS |
||